000 00904nam a22002657a 4500
001 124822
003 UA-OsUOA
005 20201223141039.0
007 ta
008 20170828b un ||||| |||| 00| 0 ukr d
020 _a577200402638
040 _aUA-OsUOA
_bukr
_cUA-OsUOA
_dUA-OsUOA
041 _aukr
080 _a821.161.2(44)
090 _a821.161.2(44)
_bБ90
100 _aБуало П.
245 _aФранцузький детектив
_bромани, повісті
260 _aК.
_bМолодь
_c1990
300 _a382 с.
520 _aГостросоціальні, глибоко психологічні твори майстра детективного жанру Франції Буало .
650 7 _a82 Література. Літературознавство
_2UDC
942 _cBK
_2udc
955 _a3
999 _c412003
_d412003